| 000 | 00708cam a2200181 4500500 | ||
|---|---|---|---|
| 005 | 20260111080301.0 | ||
| 041 | _afre | ||
| 042 | _adc | ||
| 100 | 1 | 0 |
_aDescamps, Florence _eauthor |
| 245 | 0 | 0 | _aUn moment « Sciences sociales » au ministère de l’Économie et des Finances 1962-1972 ? Leçons pour le temps présent |
| 260 | _c2018. | ||
| 500 | _a69 | ||
| 690 | _ahistoire | ||
| 690 | _aministère de l’Économie et des finances 1962-1972 | ||
| 690 | _asciences sociales | ||
| 786 | 0 | _nGestion & Finances Publiques | 6 | 6 | 2018-11-30 | p. 106-111 | 1969-1009 | |
| 856 | 4 | 1 | _uhttps://droit.cairn.info/revue-gestion-et-finances-publiques-2018-6-page-106?lang=fr&redirect-ssocas=7080 |
| 999 |
_c1616108 _d1616108 |
||